| 000 | 00000nas##2200000za#4500 |
| 001 | 9.511803 |
| 003 | CaOODSP |
| 005 | 20200325114121 |
| 007 | ta |
| 008 | 150406c1996||||xxc|| p #||||f| |0fre|d |
| 022 | |a1486-0201 |
| 040 | |aCaOODSP|bfre |
| 041 | |aeng |
| 041 | |afre |
| 043 | |an-cn--- |
| 086 | 1 |aIN3-16/10 |
| 110 | 1 |aCanada. |bBureau du surintendant des institutions financières Canada. |bBureau de l'actuaire en chef. |
| 245 | 10|aRapport actuariel sur le régime de retraite de la fonction publique du Canada / |ctransmis par l'actuaire en chef. |
| 260 | |aOttawa - Ontario : |bBureau du surintendant des institutions financières. |
| 310 | |aTriennal |
| 362 | 1 |a1996 -- |
| 520 | 3 |aPrésente une estimation de l’état du Compte de pension de retraite, de la Caisse de retraite et du Compte des régimes compensatoires (RC). Vise aussi à renseigner le président du Conseil du Trésor pour qu’il puisse prendre des décisions éclairées quant au financement des obligations du gouvernement à l’égard des prestations de retraite. |
| 563 | |aReliure à spirale |
| 691 | 07|aFonction publique|2gcpds |
| 691 | 07|aPension|2gcpds |
| 776 | 0#|tRapport actuariel ... sur le régime de pensions de la Fonction publique du Canada |w(CaOODSP)9.502238 |
| 776 | 0#|tActuarial report as at ... on the Pension Plan for the Public Service of Canada |w(CaOODSP)9.505834 |
| 791 | |tActuarial report on the Pension Plan for the Public Service of Canada / |eeng|w(CaOODSP)9.511802 |